| 000 | 00410nam a2200145Ia 4500 | ||
|---|---|---|---|
| 008 | 151021s9999 xx 000 0 und d | ||
| 020 | _a9.7881315019e+012 | ||
| 050 | _aHG6024 .S 2003 | ||
| 245 | _a_Risk Management Rene M. Stulz | ||
| 260 | _aNew Delhi Cengage learning 2003 | ||
| 300 | _axvii,676p.:ill | ||
| 500 | _aIncludes index. | ||
| 650 | _a_Risk management | ||
| 980 | _a^d20101208 12:14:48^oanne | ||
| 999 |
_c5533 _d5533 |
||